000 01320 a2200289 4500
005 20161207135927.0
008 150908s2013 ck ado f |||| 00| 0 spa d
020 _a9789585773752
040 _aCO-BoUCM
_bspa
_cJose A. Gerena (modificó)
_dJose A. Gerena
041 0 _aspa
111 1 _acongreso nacional autónomo del pueblo negro, afrocolombiano, palenquero y raizal
_c(Bogotá
_d2014
_n1er)
_971424
240 _aMemorias
245 0 0 _aMemorias del primer congreso nacional autónomo del pueblo negro, afrocolombiano, palenquero y raizal
_cprimer congreso nacional autónomo del pueblo negro, afrocolombiano, palenquero y raizal
260 _c2013
_aBogotá (Colombia)
_bUSAID
_bANAFRO
300 _a215 páginas
_bilustraciones, cuadros, fotografías
504 _aIncluye referencias bibliográficas
630 _aLey 70 de 1993
_96876
650 7 _920180
_aNegros
_xAspectos sociales
650 7 _912991
_aDesarrollo social
650 7 _920180
_aNegros
_zQuibdó (Chocó, Colombia)
650 7 _911411
_aComunidades afrocolombianas
_zQuibdó (Chocó, Colombia)
651 4 _aQuibdó (Chocó, Colombia)
_xAspectos sociales
_971425
690 _aSociología
_9386
710 1 _aGarcés, Daniel
_edirector
_971426
942 _2DEWEY
_a5
_cLIBRO
_e1
_h305.89861
_mM533
999 _c300871
_d300871